Language and power / (رقم التسجيلة. 79712)
[ عرض عادي ]
| 000 -الفاتح | |
|---|---|
| حقل البيانات ثابتة الطول | 03059cam a2200385 i 4500 |
| 001 - رقم الضبط | |
| رقم الضبط | 18078296 |
| 003 - محدد رقم الضبط | |
| رقم الضبط | OSt |
| 005 - وقت وتاريخ اخر تعامل مع التسجيلة | |
| رقم الضبط | 20220314120118.0 |
| 008 - عناصر البيانات ثابتة الطول - معلومات عامة | |
| حقل البيانات ثابتة الطول | 140324t20152015enka b 001 0 eng |
| 010 ## - رقم ضبط مكتبة الكونجرس | |
| رقم ضبط مكتبة الكونجرس | 2014007273 |
| 020 ## - الرقم الدولى المعيارى للكتب | |
| الرقم الدولى المعيارى للكتاب | 9781138790964 (hbk) |
| 020 ## - الرقم الدولى المعيارى للكتب | |
| الرقم الدولى المعيارى للكتاب | 9781138790971 (pbk) |
| 020 ## - الرقم الدولى المعيارى للكتب | |
| الرقم الدولى المعيارى للكتاب الملغى /الخاطئ | 9781315763323 (ebk) |
| 040 ## - مصدر الفهرسة | |
| وكالة الفهرسة الأصلية | DLC |
| لغة الفهرسة | eng |
| وكالة النسخ | DLC |
| قواعد الوصف | rda |
| وكالة التعديل | DLC |
| 042 ## - رمز التحقق | |
| رمز التحقق | pcc |
| 050 00 - رقم طلب مكتبة الكونجرس | |
| رقم التصنيف | P40 |
| رقم المادة | .F35 2015 |
| 082 00 - رقم تصنيف ديوى العشرى | |
| رقم التصنيف | 306.44 |
| رقم الطبعة | 23 |
| رقم المادة | FNL |
| 084 ## - رقم تصنيف آخر | |
| رقم التصنيف | LAN000000 |
| مصدر الرقم | bisacsh |
| 100 1# - المدخل الرئيسى - إسم شخصى | |
| الإسم الشخصى | Fairclough, Norman, |
| التواريخ المصاحبة للاسم | 1941- |
| الدور | author. |
| 9 (RLIN) | 89422 |
| 245 10 - بيان العنوان | |
| العنوان | Language and power / |
| بيان المسئوليه,etc | Norman Fairclough. |
| 250 ## - بيان الطبعة | |
| بيان الطبعة | Third edition. |
| 264 #1 - النشر, التوزيع, ETC. (IMPRINT) | |
| مكان الناشر او الموزع | London ; |
| -- | New York : |
| اسم الناشر او الموزع | Routledge, Taylor & Francis Group, |
| تاريخ النشر أو التوزيع | 2015. |
| 264 #4 - النشر, التوزيع, ETC. (IMPRINT) | |
| تاريخ النشر أو التوزيع | ©2015 |
| 300 ## - الوصف المادى | |
| التعداد | viii, 264 pages : |
| تفاصيل ماديه اخرى للوعاء | illustrations ; |
| أبعاد الوعاء | 24 cm |
| 500 ## - تبصرة عامة | |
| تبصرة عامة | "Previously published as part of the Language in Social Life series, by Christopher N. Candlin."--Title page. |
| 504 ## - تبصرة ببليوجرافية | |
| تبصرة ببليوجرافية,الخ | Includes bibliographical references (pages 255-262) and index. |
| 520 ## - التبصرة الخاصة بالتعليق أو التلخيص | |
| ملخص,الخ | "Language and Power is widely recognised both as a classic and an essential introductory textbook to the field of Critical Discourse Analysis. It focusses on how language functions in maintaining and changing power relations in modern society, the ways of analysing language which can reveal these processes and how people can become more conscious of them, as well as, more able to resist and change them.In this twenty-fifth anniversary edition, Norman Fairclough includes a substantial new introduction and brings the discussion up-to-date. He shows both the importance of the book in the development of critical discourse analysis over the past three decades and how language and power relations have changed due to major socio-economic changes. It remains vital reading for all students of discourse analysis, critical discourse analysis and other related courses. "-- |
| 520 ## - التبصرة الخاصة بالتعليق أو التلخيص | |
| ملخص,الخ | "Language and Power is widely recognised both as a classic and an essential introductory textbook to the field of Critical Discourse Analysis. It focusses on how language functions in maintaining and changing power relations in modern society, the ways of analysing language which can reveal these processes and how people can become more conscious of them, and more able to resist and change them. In this twenty-fifth anniversary edition, Norman Fairclough brings the discussion up-to-date and shows both the importance of the book in the development of critical discourse analysis over the past three decades and how language and power relations have changed due to major socio-economic changes. It remains vital reading for all students of discourse analysis, critical discourse analysis and related courses"-- |
| 650 #0 - المدخل الاضافى بالموضوع-مصطلح موضوعى | |
| مصطلح موضوعي أو اسم جغرافي كعنصر مدخل | Sociolinguistics. |
| 9 (RLIN) | 89423 |
| 650 #0 - المدخل الاضافى بالموضوع-مصطلح موضوعى | |
| مصطلح موضوعي أو اسم جغرافي كعنصر مدخل | Discourse analysis |
| التقسيم الفرعي العام | Social aspects. |
| 9 (RLIN) | 89424 |
| 650 #7 - المدخل الاضافى بالموضوع-مصطلح موضوعى | |
| مصطلح موضوعي أو اسم جغرافي كعنصر مدخل | LANGUAGE ARTS & DISCIPLINES / General. |
| مصدر الرأس أو المصطلح | bisacsh |
| 9 (RLIN) | 4113 |
| 906 ## - عنصر بيانات محلى F, LDF (RLIN) | |
| a | 7 |
| b | cbc |
| c | orignew |
| d | 1 |
| e | ecip |
| f | 20 |
| g | y-gencatlg |
| 942 ## - عناصر المدخل الإضافي( كوها) | |
| مصدر التصنيف او مخطط الترفيف | Dewey Decimal Classification |
| Koha [default] item type | كتاب |
| حالة الفقد | نموذج السعر الفعال | حالة تلف | ليس للاعارة | رقم الطلب | تاريخ الاكتساب | الموقع الحالي | الباركود | الفرع الرئيسي | Date last seen | نوع المادة فى نظام كوها | مصدر التصنيف او خطة الترفيف | Total Checkouts | Date last checked out |
|---|---|---|---|---|---|---|---|---|---|---|---|---|---|
| 2022-03-14 | 306.44 FNL | 2022-03-14 | المكتبة المركزية بالمجمعة (CL) | 00168773 | المكتبة المركزية بالمجمعة (CL) | 2022-03-14 | كتاب | Dewey Decimal Classification | |||||
| 2022-03-14 | 306.44 FNL | 2022-03-14 | المكتبة المركزية بالمجمعة (CL) | 00168774 | المكتبة المركزية بالمجمعة (CL) | 2022-03-14 | كتاب | Dewey Decimal Classification | |||||
| 2022-03-14 | 306.44 FNL | 2022-03-14 | المكتبة المركزية بالمجمعة (CL) | 00168775 | المكتبة المركزية بالمجمعة (CL) | 2022-03-14 | كتاب | Dewey Decimal Classification | |||||
| 2022-03-14 | 306.44 FNL | 2022-03-14 | مكتبة كلية التربية بالزلفى - طالبات (EZF) | 00168778 | مكتبة كلية التربية بالزلفى - طالبات (EZF) | 2022-03-14 | كتاب | Dewey Decimal Classification | |||||
| 2022-03-14 | 306.44 FNL | 2022-03-14 | مكتبة كلية التربية بالزلفى - طالبات (EZF) | 00168779 | مكتبة كلية التربية بالزلفى - طالبات (EZF) | 2024-02-19 | كتاب | Dewey Decimal Classification | 2 | 2024-02-05 | |||
| 2022-03-14 | 306.44 FNL | 2022-03-14 | مكتبة كلية العلوم و الدراسات الإنسانية برماح - طلاب (SRM) | 00168776 | مكتبة كلية العلوم و الدراسات الإنسانية برماح - طلاب (SRM) | 2022-03-14 | كتاب | Dewey Decimal Classification | |||||
| 2022-03-14 | 306.44 FNL | 2022-03-14 | مكتبة كلية العلوم و الدراسات الإنسانية برماح - طلاب (SRM) | 00168777 | مكتبة كلية العلوم و الدراسات الإنسانية برماح - طلاب (SRM) | 2022-03-14 | كتاب | Dewey Decimal Classification |
